[Event "Groningen Festival 2018"]
[Site "Groningen"]
[Date "2018.12.22"]
[Round "1"]
[White "Krasenkow, Michal"]
[Black "Van Meegen, Ruud"]
[Result "1/2-1/2"]
[WhiteElo "2630"]
[BlackElo "2230"]
[Annotator "TA"]
[PlyCount "75"]
[EventDate "2018.12.22"]
[EventType "swiss"]
[EventCountry "NED"]
[SourceTitle "playchess.com"]
[Source "ChessBase"]
[SourceQuality "1"]

{[%evp 27,75,-12,-10,-8,4,6,6,8,17,4,2,3,4,4,14,0,14,-6,-7,-3,-3,-10,0,0,0,0,0,-10,-9,-16,-20,-10,0,0,0,-8,-3,-6,0,-14,0,0,0,0,0,-13,0,0,0,0]} 1. Nf3 d5 2. d4 Nf6 3. c4 e6 4. Nc3 Be7 5. Bg5 O-O 6. cxd5 exd5 7. e3 c6 8. Bd3 Nbd7 {[%cal Bb8d7,Bd7f8,Bf8e6][%mdl 32]} 9. Qc2 Re8 10. O-O Nf8 11. h3 g6 12. Bxf6 Bxf6 13. b4 a6 14. a4 {D36: Queen's Gambit Declined: Exchange Variation: Main line (5 Bg5 c6 6 Qc2)} Ne6 {LiveBook: 6 Games. The position is equal.} 15. b5 (15. Qb3 Bg7 16. Rfd1 {½-½ (16) Dydyshko,V (2585)-Stefansson,H (2574) Czechia 2009}) 15... axb5 16. axb5 Rxa1 17. Rxa1 Qd6 $146 ({Predecessor:} 17... c5 18. dxc5 Nxc5 19. Rd1 Be6 20. Bc4 Bxc3 21. Qxc3 Qb6 {1-0 (52) Antolin Concha,D (2252)-Di Trapani,D (1883) Fermo 2009}) 18. bxc6 bxc6 19. Na4 Bd7 20. Rc1 Rb8 21. Qd1 Qa3 22. Nc5 Nxc5 23. Rxc5 Rb3 24. Bf1 Rc3 25. Rxc3 Qxc3 26. Qa4 h5 27. Qd1 Bf5 28. Ne1 c5 29. dxc5 Qxc5 30. Nf3 Be4 31. Nd4 Qc3 32. Nb5 Qc2 33. Qe1 Bd3 34. Bxd3 Qxd3 35. Qf1 Qe4 36. Qc1 d4 37. Nxd4 Bxd4 38. exd4 {Accuracy: White = 55%, Black = 50%.} 1/2-1/2

[Event "Groningen Festival 2018"]
[Site "Groningen"]
[Date "2018.12.22"]
[Round "1"]
[White "Pruijssers, Roeland"]
[Black "Wedda, Dries"]
[Result "1-0"]
[WhiteElo "2520"]
[BlackElo "2208"]
[Annotator "TA"]
[PlyCount "53"]
[EventDate "2018.12.22"]
[EventType "swiss"]
[EventCountry "NED"]
[SourceTitle "playchess.com"]
[Source "ChessBase"]
[SourceQuality "1"]

{[%evp 25,52,-23,0,-58,-38,-39,0,-27,-20,-27,0,0,0,0,39,0,0,0,106,0,112,123,603,601,534,543,29998,29999,29999]} 1. e4 c5 2. Nf3 d6 3. d4 cxd4 4. Nxd4 Nf6 5. Nc3 a6 6. Be3 e5 7. Nb3 Be6 8. Qd2 Nbd7 9. O-O-O {B90: Sicilian Najdorf: Unusual White 6th moves, 6 Be3 Ng4 and 6 Be3 e5} Be7 10. f4 b5 11. Kb1 Qc7 12. f5 Bc4 13. a3 Rb8 {[#] LiveBook: 3 Games} 14. h3 $146 (14. g4 $11) ({Predecessor:} 14. Bd3 a5 15. Qe2 b4 16. axb4 Bxd3 17. Qxd3 Rxb4 {½-½ (47) Karjakin,S (2635)-Kuzubov,Y (2558) Kirishi 2005}) 14... b4 (14... h6 {keeps more tension.} 15. g4 a5 16. Nd5 Nxd5 17. exd5 Bd8) 15. axb4 Rxb4 (15... Bxf1 {is more complex.} 16. Rhxf1 Rxb4 17. g4 h6 18. Rfe1 Qb8) 16. g4 {With the idea g5.} Bxf1 17. Rhxf1 Nxe4 18. Nxe4 Rxe4 19. g5 a5 20. f6 gxf6 21. gxf6 Bf8 (21... Nxf6 $11 22. Bg5 a4 23. Bxf6 Bxf6) 22. Bg5 (22. Qd3 $16 Rc4 23. Qd5) 22... a4 (22... Rb4 $1 $11) 23. Qd5 $16 Rc4 $2 {[%mdl 8192] [#]} (23... axb3 $16 24. Qxe4 Rg8) 24. Qe6+ $3 $18 {[%mdl 512]} Kd8 (24... fxe6 25. f7#) 25. Qxf7 {White wants to mate with Qe8+!} Rxc2 {[#]} 26. Qe8+ $1 {[%mdl 576] Decoy, Clearance} Kxe8 27. f7# {Accuracy: White = 50%, Black = 14%.} 1-0

[Event "Groningen Festival 2018"]
[Site "Groningen"]
[Date "2018.12.22"]
[Round "1"]
[White "Lavda, Ottomar"]
[Black "Elgersma, Simon"]
[Result "1-0"]
[WhiteElo "2497"]
[BlackElo "2200"]
[Annotator "TA"]
[PlyCount "89"]
[EventDate "2018.12.22"]
[EventType "swiss"]
[EventCountry "NED"]
[SourceTitle "playchess.com"]
[Source "ChessBase"]
[SourceQuality "1"]

{[%evp 16,89,41,40,37,36,51,25,46,33,58,18,112,46,152,153,202,0,0,0,10,10,15,12,54,52,141,149,151,154,173,102,98,103,114,131,112,81,104,33,47,32,145,140,129,13,30,58,190,197,186,111,319,319,463,466,458,0,417,417,472,418,499,481,662,662,1124,1071,853,1142,1110,1056,1008,950,1120,976]} 1. Nf3 Nf6 2. g3 g6 3. b3 d6 (3... Bg7 4. Bb2 d6 5. d4 b5 6. Bg2 Bb7 7. O-O O-O 8. Na3 Qd7 9. c4 bxc4 10. Nxc4 a5 11. Rc1 Qb5 12. a4 Qa6 13. Bc3 {1-0 (29) Dubov,D (2703)-Demchenko,A (2679) Sochi 2018}) 4. d4 Bg7 5. Bg2 Bf5 6. O-O {A05: Réti Opening: 1 Nf3 Nf6} Qc8 7. Re1 $146 ({Predecessor:} 7. Bb2 O-O 8. c4 Re8 9. Nc3 Ne4 10. Rc1 Nxc3 11. Bxc3 Bh3 {0-1 (54) Kamenov,G (2131)-Tonchev,M (2272) Albena 2010}) 7... O-O 8. Bb2 Nc6 9. Nbd2 {LiveBook: 3 Games} Re8 10. e4 Bh3 11. d5 Nb4 12. a3 {Threatens to win with Bxh3.} Na6 13. c4 (13. b4 {looks sharper.} Bxg2 14. Kxg2 c6 15. c4 Nxe4 16. Bxg7 Nxd2 17. Qxd2 Kxg7 18. Re4) 13... Nxe4 (13... Bxg2 $11 14. Kxg2 Nxe4) 14. Bxg7 (14. Rxe4 Bxb2 15. Ra2 Bf6 $15) (14. Bxh3 $16 Qxh3 15. Bxg7 (15. Nxe4 Bxb2 16. Ra2 Bg7 $11) 15... Nxd2 16. Ng5 (16. Nxd2 Kxg7 17. b4 Nb8 $11)) 14... Nxd2 ({Black should try} 14... Bxg2 $14 15. Rxe4 (15. Kxg2 Nxd2 16. Qxd2 Kxg7 $14) (15. Nxe4 Bxf3 16. Qxf3 Kxg7 $11) 15... Bxf3 16. Qxf3 (16. Nxf3 Nc5 $11) 16... Kxg7) 15. Bb2 $1 $16 (15. Qxd2 $6 Bxg2 16. Kxg2 Kxg7 $11) (15. Nxd2 Kxg7 16. Bxh3 Qxh3 $11) 15... Bxg2 16. Kxg2 $2 (16. Nxd2 $18 Bh3 17. Ne4) 16... Nxf3 $11 17. Qxf3 Qf5 18. Qc3 {[%csl Gb2][%cal Rc3h8]} f6 19. Re3 Nc5 20. Rae1 c6 (20... Qd7 $14) 21. Rxe7 $16 Rxe7 22. Rxe7 Rf8 {[%cal Ba8f8,Bf8f7,Bf7d7][%mdl 32]} 23. Qe3 (23. dxc6 $18 Nd3 24. Qd4 bxc6 25. g4 Nf4+ 26. Kf3 Qd3+ 27. Re3 Qxd4 28. Bxd4) 23... Rf7 24. Re8+ $40 {[%mdl 128] White goes for the king.} Kg7 25. dxc6 bxc6 26. Rd8 Rd7 27. h4 (27. Rc8 $1 $16) 27... Rxd8 $14 28. Qe7+ {[%mdl 64] Double Attack} Kh6 {[#]} (28... Kg8 $1 $14 29. Qxd8+ Kf7) 29. Bc1+ $1 $16 (29. Qxd8 Qe4+ 30. Kh2 Qf5 $14) 29... g5 (29... Kh5 $2 30. f3 $18) 30. hxg5+ (30. Qxd8 $16 {hxg5+ is the strong threat.} Qe4+ 31. Kh2) 30... fxg5 31. Qxd8 Nd3 (31... Qe5 $14) 32. Qxd6+ $18 Kh5 33. Be3 Ne5 $2 (33... Ne1+ $16 34. Kf1 Nf3) 34. Qd1+ ({Stronger than} 34. Bxa7 Qe4+ 35. Kf1 Qb1+ 36. Ke2 Qa2+ 37. Qd2 Qxb3 $11) 34... g4 (34... Kg6 $142 35. Qe2 g4 36. Bxa7 Kf7) 35. Qh1+ ({Worse is} 35. Qd6 Qe4+ 36. Kf1 Qb1+ 37. Kg2 Qe4+ 38. Kf1 Qb1+ 39. Kg2 Qe4+ $11) 35... Kg6 {[#]} 36. Qh6+ $1 Kf7 37. Qf4 Qxf4 38. gxf4 {[%mdl 4096] Endgame KB-KN} ({Less strong is} 38. Bxf4 Ke6 $16) 38... Nd3 39. Bxa7 {White is clearly winning.} h5 40. Be3 Ke6 41. a4 h4 42. a5 Nb4 43. Bd2 Na6 44. b4 Nc7 45. Bc3 {Accuracy: White = 75%, Black = 24%.} 1-0

[Event "Groningen Festival 2018"]
[Site "Groningen"]
[Date "2018.12.22"]
[Round "1"]
[White "Beerdsen, Thomas"]
[Black "Elgersma, Onno"]
[Result "1/2-1/2"]
[WhiteElo "2477"]
[BlackElo "2192"]
[Annotator "RC"]
[PlyCount "82"]
[EventDate "2018.12.22"]
[EventType "swiss"]
[EventCountry "NED"]
[SourceTitle "playchess.com"]
[Source "ChessBase"]
[SourceQuality "1"]
[TimeControl "40/5400+30:1800+30"]

1. e4 {[%emt 0:00:00]} e6 {[%emt 0:00:00]} 2. b3 {[%emt 0:00:36]} d5 {[%emt 0:00:44]} 3. Bb2 {[%emt 1:30:54]} c5 {[%emt 0:03:44]} 4. Nf3 {[%emt 0:00:00]} dxe4 {[%emt 0:05:28]} 5. Ne5 Nd7 {[%emt 1:22:34]} 6. Bb5 {[%emt 0:00:00]} Ngf6 {[%emt 0:00:30]} 7. Na3 {[%emt 0:00:00]} Qc7 {[%emt 0:00:00]} 8. O-O {[%emt 0:00:00]} a6 {[%emt 0:00:00]} 9. Bxd7+ {[%emt 0:00:00]} Bxd7 {[%emt 0:00:00]} 10. Qe2 {[%emt 0:00:00]} Bc6 {[%emt 0:00:00]} 11. Nac4 {[%emt 0:00:00]} Bd5 {[%emt 0:00:00]} 12. a4 {[%emt 0:00:00]} b6 {[%emt 0:00:00]} 13. Qe3 {[%emt 0:00:00]} Rc8 {[%emt 0:00:00]} 14. Rae1 {[%emt 0:00:00]} b5 {[%emt 0:00:00]} 15. axb5 {[%emt 0:00:00]} axb5 {[%emt 0:00:00]} 16. Na3 {[%emt 0:00:00]} Rb8 {[%emt 0:00:00]} 17. Qg5 {[%emt 0:00:00]} h6 {[%emt 0:00:00]} 18. Qg3 {[%emt 0:00:00]} h5 {[%emt 0:00:00]} 19. d3 {[%emt 0:00:00]} h4 {[%emt 0:00:00]} 20. Qh3 {[%emt 0:00:00]} exd3 {[%emt 0:00:00]} 21. Nxd3 {[%emt 0:00:00]} c4 {[%emt 0:00:00]} 22. Ne5 {[%emt 0:00:00]} c3 {[%emt 0:00:00]} 23. Bc1 {[%emt 0:00:00]} Bd6 {[%emt 0:00:00]} 24. Nd3 {[%emt 0:00:00]} Ne4 {[%emt 0:00:00]} 25. Re2 {[%emt 0:00:00]} Bxa3 {[%emt 0:06:27]} 26. Bxa3 {[%emt 0:00:00]} Ng5 {[%emt 0:00:07]} 27. Qe3 {[%emt 0:08:26]} h3 {[%emt 0:00:15]} 28. f3 {[%emt 0:00:08]} hxg2 {[%emt 0:03:09]} 29. Rxg2 {[%emt 0:00:06]} Nh3+ {[%emt 0:00:42]} 30. Kh1 {[%emt 0:00:06]} Rh7 {[%emt 0:00:30]} 31. Bc5 {[%emt 0:00:54]} g5 {[%emt 0:00:43]} 32. Nb4 {[%emt 0:01:43]} Nf4 {[%emt 0:00:26]} 33. Rxg5 {[%emt 0:00:18]} f6 {[%emt 0:00:31]} 34. Na6 {[%emt 0:01:55]} Rxh2+ {[%emt 0:01:10]} 35. Kxh2 Qh7+ {[%emt 0:00:00]} 36. Kg1 {[%emt 0:01:20]} fxg5 {[%emt 0:00:17]} 37. Nxb8 {[%emt 0:00:49]} Qxc2 {[%emt 0:00:16]} 38. Rf2 {[%emt 0:00:22]} Qb1+ {[%emt 0:00:30]} 39. Rf1 {[%emt 0:00:59]} Qc2 {[%emt 0:00:18]} 40. Rf2 {[%emt 0:00:10]} Qb1+ {[%emt 0:00:33]} 41. Rf1 {[%emt 0:30:12]} Qc2 {[%emt 0:03:23]} 1/2-1/2

[Event "Groningen Festival 2018"]
[Site "Groningen"]
[Date "2018.12.22"]
[Round "1"]
[White "Simet, Martin"]
[Black "Tiviakov, Sergei"]
[Result "1/2-1/2"]
[WhiteElo "2229"]
[BlackElo "2613"]
[Annotator "TA"]
[PlyCount "46"]
[EventDate "2018.12.22"]
[EventType "swiss"]
[EventCountry "NED"]
[SourceTitle "playchess.com"]
[Source "ChessBase"]
[SourceQuality "1"]

{[%evp 19,46,0,16,0,19,0,0,0,0,0,0,0,0,-11,0,0,0,0,30,0,0,0,0,0,8,0,0,0,7]} 1. d4 Nf6 2. Bf4 b6 3. e3 Bb7 4. Nf3 g6 5. Be2 Bg7 6. c3 d6 7. h3 Nbd7 8. O-O O-O 9. a4 a6 {A48: 1 d4 Nf6 2 Nf3 g6: Torre, London and Colle Systems} 10. Nbd2 Ne4 {LiveBook: 3 Games} (10... Qe8 11. Bh2 e5 12. b4 Qe7 13. Qb3 Kh8 14. Rfd1 Nh5 15. dxe5 dxe5 16. a5 f5 17. axb6 Nxb6 {1-0 (53) Almasi,Z (2696)-Can,E (2578) Reykjavik 2017}) 11. Bh2 e5 12. Qb3 Nxd2 13. Nxd2 Qe7 $146 ({Predecessor:} 13... h6 14. Bf3 Bxf3 15. Nxf3 Kh7 16. Rad1 e4 17. Nd2 f5 18. c4 Qe7 {1-0 (49) Kvamme,J (2105)-Hanson,B Norway 1990}) 14. Bf3 e4 15. Be2 a5 16. Nc4 {[%cal Bd2c4,Bc4a3,Ba3b5][%mdl 32]} Kh8 17. Na3 f5 18. Nb5 $36 {[%mdl 2048] White is more active.} Rac8 19. c4 g5 {The position is equal.} 20. Na7 Rb8 21. Nb5 Rbc8 22. Na7 Rce8 (22... Ra8 $5 23. Nb5 $8 Rac8 $11) 23. Nb5 Rc8 {Accuracy: White = 44%, Black = 67%.} 1/2-1/2

[Event "Groningen Festival 2018"]
[Site "Groningen"]
[Date "2018.12.22"]
[Round "1"]
[White "Sparenberg, Erik"]
[Black "Ernst, Sipke"]
[Result "0-1"]
[WhiteElo "2215"]
[BlackElo "2539"]
[Annotator "TA"]
[PlyCount "60"]
[EventDate "2018.12.22"]
[EventType "swiss"]
[EventCountry "NED"]
[SourceTitle "playchess.com"]
[Source "ChessBase"]
[SourceQuality "1"]

{[%evp 23,60,6,6,-54,-47,-60,-52,-62,-44,-102,-105,-123,-122,-206,-126,-172,-132,-132,-132,-161,-164,-169,-162,-166,-167,-171,-138,-146,-143,-634,-630,-1833,-1846,-1558,-1749,-1686,-1613,-1492,-1491]} 1. e4 c5 2. Nf3 Nc6 3. d4 cxd4 4. Nxd4 Nf6 5. Nc3 e5 6. Ndb5 d6 7. Bg5 a6 8. Na3 b5 9. Nd5 Be7 10. Bxf6 Bxf6 11. c3 Ne7 12. Nc2 Nxd5 {LiveBook: 84 Games. B33: Sicilian: Pelikan and Sveshnikov Variations} 13. exd5 ({White should play} 13. Qxd5 $11 Rb8 14. Rd1) (13. Qxd5 Rb8 14. Nb4 O-O 15. Qd3 Qd7 16. Be2 Bg5 17. O-O a5 18. Nd5 Qb7 19. b4 axb4 20. Nxb4 Rd8 {½-½ (20) Van den Doel,E (2593)-Reinderman,D (2575) Dieren 2018}) 13... Bd7 $15 14. Bd3 O-O {Black is slightly better.} 15. O-O g6 16. Ne3 (16. Nb4 $15) 16... Bg7 $17 17. Qe2 f5 18. f4 $146 (18. f3 $17) ({Predecessor:} 18. f3 Qb6 19. Kh1 Rae8 20. Rae1 {0-1 (44) Egorova,I-Vitiuk,V Kaluga 2007}) 18... Qb6 {[#] Strongly threatening ...exf4.} 19. Kh1 exf4 20. Nc2 Be5 21. Rae1 Rae8 {White must now prevent ...Bxc3!} 22. Qf3 a5 23. a3 Kg7 24. Re2 Qd8 25. Rfe1 Qh4 26. Nd4 $2 {[%mdl 8192] [#]} (26. Qf1 $17) 26... Bxd4 $19 {Black is clearly winning.} 27. cxd4 Qxe1+ 28. Rxe1 Rxe1+ 29. Bf1 Rc8 30. Qxf4 Rcc1 {Accuracy: White = 30%, Black = 81%.} 0-1

[Event "Groningen Festival 2018"]
[Site "Groningen"]
[Date "2018.12.22"]
[Round "1"]
[White "Van Baar, Esper"]
[Black "Gleizerov, Evgeny"]
[Result "0-1"]
[WhiteElo "2205"]
[BlackElo "2504"]
[Annotator "TA"]
[PlyCount "92"]
[EventDate "2018.12.22"]
[EventType "swiss"]
[EventCountry "NED"]
[SourceTitle "playchess.com"]
[Source "ChessBase"]
[SourceQuality "1"]

{[%evp 23,92,50,50,25,39,19,49,41,80,68,77,70,78,70,102,19,30,9,23,0,45,29,52,-18,-3,-10,10,19,22,0,0,-14,0,-6,-8,-17,-2,-7,0,0,0,0,0,0,0,0,0,-8,0,-47,-50,-157,-150,-171,-142,-165,-118,-124,-110,-129,-122,-107,-81,-277,-275,-361,-360,-343,-341,-423,-423]} 1. e4 e6 2. d4 d5 3. Nd2 Nf6 4. e5 Nfd7 5. Bd3 c5 6. c3 Nc6 7. Ne2 cxd4 8. cxd4 f6 9. exf6 Qxf6 10. O-O Bd6 11. Nf3 h6 12. Be3 O-O {LiveBook: 125 Games. C06: French Tarrasch: 3...Nf6 4 e5 Nfd7 5 Bd3 main lines} 13. Bb1 (13. Rc1 Rd8 14. a3 Nf8 15. Qd2 Bd7 16. Bf4 Be8 17. Bxd6 Rxd6 18. Ng3 Bg6 19. Bb5 Be4 20. Ne5 Nxe5 21. dxe5 Qxe5 22. f4 {1-0 (22) Grandelius,N (2642)-Ivanov,S (2547) Sweden 2017}) 13... Rd8 14. Qd2 Bb4 $146 {The position is equal.} ({Predecessor:} 14... Nf8 15. Bf4 Bxf4 16. Qxf4 Bd7 17. Qe3 Be8 18. Nf4 Ne7 19. Ne5 Nf5 20. Bxf5 Qxf5 {1-0 (34) Bryzgalin,K (2464)-Topholm,P (1918) playchess.com INT 2005}) 15. Qd3 Nf8 16. Bf4 Bd7 {[%cal Bc8d7,Bd7e8,Be8h5][%mdl 32]} 17. a3 Ba5 18. Ne5 Rac8 19. Bg3 (19. Qg3 $16 {Hoping for Ng4.} Nxe5 20. dxe5 (20. Bxe5 Qg5 $14)) 19... Be8 $11 20. Qe3 Bb6 21. Bd3 Nd7 22. Nxc6 Rxc6 23. Qf4 (23. b4 $14) 23... Bh5 24. Qxf6 Nxf6 25. f3 Kf7 26. Rfc1 Rdc8 27. Bf2 Bg6 28. Bxg6+ Kxg6 29. Nf4+ Kf7 30. Nd3 {[#] Strongly threatening Ne5+.} Rc2 31. Kf1 Ne8 32. Rxc2 Rxc2 33. Rc1 Rd2 $36 {[%mdl 2048] White is under pressure.} 34. Rc3 $1 Ba5 35. b4 Bb6 36. Ke1 Ra2 37. Rb3 (37. Ne5+ $15 Ke7 38. Ng6+ Kf6 39. Ne5) 37... Nd6 38. Nc5 Nc4 39. a4 Bxc5 40. bxc5 $19 {[%mdl 4096] Endgame KRB-KRN} b6 41. Rb4 Nb2 {[#] And now ...Nd3+ would win.} 42. Rb3 Nxa4 43. c6 $2 (43. g4 $17) 43... Rc2 44. Rb4 Nb2 45. Rb3 Nc4 46. Bg3 {and the idea c7 leaves White hopeful.} Na5 {[%mdl 64] Double Attack. Accuracy: White = 32%, Black = 43%.} 0-1

[Event "Groningen Festival 2018"]
[Site "Groningen"]
[Date "2018.12.22"]
[Round "1"]
[White "Vogel, Jaap"]
[Black "Ulybin, Mikhail"]
[Result "0-1"]
[WhiteElo "2193"]
[BlackElo "2482"]
[Annotator "TA"]
[PlyCount "82"]
[EventDate "2018.12.22"]
[EventType "swiss"]
[EventCountry "NED"]
[SourceTitle "playchess.com"]
[Source "ChessBase"]
[SourceQuality "1"]

{[%evp 9,82,0,0,4,16,16,25,15,6,17,11,14,0,0,13,-18,-11,-14,-18,-16,17,0,-13,-12,0,-64,-68,-73,-91,-126,-134,-130,-124,-129,-118,-199,-208,-191,-191,-185,-182,-250,-258,-262,-252,-254,-252,-256,-252,-259,-250,-252,-247,-260,-249,-279,-223,-272,-277,-289,-279,-285,-287,-276,-281,-353,-359,-366,-357,-364,-360,-359,-360,-341,-318]} 1. d4 e6 2. Bf4 c5 (2... Nf6 3. e3 d5 4. c4 Bd6 5. Bxd6 cxd6 6. Nc3 dxc4 7. Bxc4 O-O 8. Nf3 a6 9. O-O b5 10. Bd3 Bb7 11. Qe2 Nbd7 12. a4 {1-0 (44) Karjakin,S (2783)-Meier,G (2630) chess.com INT 2017}) 3. e3 Qb6 4. b3 Nf6 {[%cal Bg8f6,Bf6d5,Bd5c3][%mdl 32]} 5. Nf3 Nc6 6. c3 {A40: Unusual replies to 1 d4} Be7 7. Bd3 O-O 8. Nbd2 {White has an edge.} Nd5 $146 ({Predecessor:} 8... cxd4 9. cxd4 Nb4 10. Nc4 Qd8 11. O-O Nxd3 12. Qxd3 d6 {0-1 (23) Meiwald,G (2055)-Brameyer,H (2237) Dresden 2010}) 9. Nc4 Qd8 10. dxc5 Bxc5 11. O-O h6 12. Bg3 Nxc3 13. Qc2 Nd5 14. a3 Be7 15. e4 Nf6 16. e5 Nh5 17. b4 (17. Qe2 $11) 17... b5 $15 18. Nd6 Nxg3 19. hxg3 Nxe5 $1 {[%mdl 64] [#] Remove Defender} 20. Nxe5 {Bh7+ would kill now.} Bxd6 21. Qe2 {Black should prevent Qe4.} Rb8 22. Bxb5 (22. Rfd1 $17 {might work better.}) 22... Qg5 $19 23. f4 Qxg3 {[#] White must now prevent ...Bc7.} 24. Rf3 Qh4 {...Bc7 is the strong threat.} 25. Bd3 (25. Raf1 {was worth a try.}) 25... Bc7 {aiming for ...Bb6+.} 26. g3 Qh3 27. Qh2 Bb6+ 28. Kh1 Qxh2+ 29. Kxh2 Bb7 30. Rff1 Rfd8 31. Rac1 Kf8 32. a4 Bd5 33. Nc4 Bd4 34. b5 Ke7 35. Rfd1 Rdc8 36. Be2 Bf2 37. Ne5 Be3 38. Rxc8 Rxc8 39. Rd3 Rc1 {[%csl Gd5][%cal Rc1h1]} 40. Bf3 Bxf3 41. Nxf3 Bb6 {Accuracy: White = 52%, Black = 83%.} 0-1

[Event "Groningen Festival 2018"]
[Site "Groningen"]
[Date "2018.12.22"]
[Round "1"]
[White "Baselmans, Luuk"]
[Black "Vrolijk, Liam"]
[Result "0-1"]
[WhiteElo "2191"]
[BlackElo "2440"]
[Annotator "TA"]
[PlyCount "112"]
[EventDate "2018.12.22"]
[EventType "swiss"]
[EventCountry "NED"]
[SourceTitle "playchess.com"]
[Source "ChessBase"]
[SourceQuality "1"]

{[%evp 27,112,14,18,-13,-23,0,-14,-14,11,-20,23,10,3,0,12,12,26,23,19,3,12,0,13,-10,-29,-57,-52,-71,-29,-88,-89,-87,-84,-92,-86,-83,-72,-116,-67,-93,-94,-105,-95,-91,0,0,0,0,0,0,0,0,88,88,164,186,254,265,262,258,237,-23,-27,-311,-310,-308,-306,-308,-308,-308,-304,-302,-302,-280,-283,-270,0,-1960,-1960,-29989,-29990,-29991,-29992,-29995,-29996,-29997,-29998]} 1. e4 e5 {[%cal Be7e5,Be5d4][%mdl 32]} 2. Nf3 Nc6 3. d4 exd4 4. Bc4 Bc5 5. c3 Nf6 6. e5 d5 7. Bb5 Ne4 8. cxd4 Bb6 9. Nc3 O-O 10. Be3 {C54: Giuoco Piano: 4 c3 Nf6, main lines with 5 d4 and 5 d3} Bg4 11. h3 Bh5 12. Qc2 Bg6 13. Qb3 Ne7 {[%cal Bc6e7,Be7f5,Bf5e3][%mdl 32]} 14. O-O c6 {[#] LiveBook: 19 Games} 15. Be2 $146 ({Predecessor:} 15. Bd3 Kh8 16. Nh4 c5 17. Nxg6+ fxg6 18. Bxe4 cxd4 19. Nxd5 Nxd5 {1-0 (51) Jones,G (2677)-Aronian,L (2780) Douglas 2018}) 15... Nf5 16. Na4 Nxe3 17. Qxe3 Ba5 18. Rac1 f5 19. Qa3 Bh5 20. Rfd1 g5 21. Nc5 Nxc5 22. Rxc5 (22. dxc5 Re8 $15) 22... Bb6 23. Rc2 Bg6 24. Rc3 Rf7 25. Bd3 Rg7 26. Bb1 g4 27. Nh2 h5 28. b3 (28. f4 $11 {keeps the balance.}) 28... Qg5 $17 29. Qc1 f4 30. Bxg6 Rxg6 31. h4 Qf5 32. Qc2 Qe6 33. Nf1 Rf8 34. b4 Rg7 35. a4 {a5 would now be nice for White.} Qe7 ({Black should try} 35... Bd8 $17) 36. a5 $11 Bd8 $1 {Black wants to play ...a6.} 37. a6 $1 bxa6 38. Rxc6 g3 $1 39. f3 Bb6 (39... Qxb4 $11 {remains equal.} 40. Rh6 (40. Rxa6 Bb6 $11) 40... a5) 40. Rd6 $1 $16 Rd8 (40... Kh8 $16 41. Qc6 (41. Rxd5 Rd8 $16) 41... Qxh4) 41. Rf6 $1 $18 Qxb4 (41... Rf8 $142) 42. Qf5 (42. Rxf4 $6 Rf8 $18) 42... Bxd4+ 43. Kh1 {Qe6+ would kill now.} Re8 44. Qxf4 $2 (44. Rh6 $1 $18 Rxe5 45. Qc8+ Kf7 46. Qd7+ Qe7 47. Qxe7+ Kxe7 48. Rxd4) 44... Bc5 $36 {[%mdl 2048] aiming for ...Qxf4. Black has good play.} 45. Rxd5 $2 {[%mdl 8192]} (45. Qxb4 $11 {and White stays safe.} Bxb4 46. Rxd5) 45... Qxf4 $1 $19 46. Rxf4 Bf2 $1 47. Rf5 Rc8 $1 {[%cal Rc8c1] ( -> ...Rc1)} 48. Rd1 (48. Rxh5 {gets mated.} Rc1 49. Rd8+ Kf7 50. e6+ Kxe6 51. Re8+ Kf7 52. Rf5+ Kxe8 53. Re5+ Re7 54. Rxe7+ Kxe7 55. h5 Rxf1#) 48... a5 {[%cal Ba6a5,Ba5a4][%mdl 32]} 49. e6 ({Worse is} 49. Rxh5 a4 $17) 49... a4 $1 50. Re5 (50. Rxh5 a3 $17) 50... Rc4 $1 {[%cal Rc4h4]} 51. Rxh5 {[%cal Rd1d8]} Rh7 $2 (51... Kf8 $1 $19 {And now ...a3 would win.} 52. Rh8+ Ke7 53. Rd7+ Kf6) 52. Rd8+ $2 {[%mdl 8192]} (52. Rg5+ $11 Rg7 53. Rh5) 52... Kg7 53. Rd7+ Kf6 {Black mates.} 54. Rhxh7 {[#]} Rc1 $1 {[%cal Rc1f1]} 55. Rhf7+ {[#]} Ke5 $1 {[%cal Rc1f1]} 56. f4+ Ke4 {Accuracy: White = 44%, Black = 62%.} 0-1